Statistics for Top 50 Most Mentioned Percy Jackson Characters

Click here to take the quiz!

General Stats

  • This quiz has been taken 440 times
  • The average score is 29 of 50

Answer Stats

Hint Answer % Correct
1479Percy Jackson
100%
2014Annabeth Chase
99%
1367Grover Underwood
96%
292Zeus
93%
512Poseidon
92%
812Luke Castellan
91%
712Chiron
90%
314Hades
88%
637Thalia Grace
84%
592Nico di Angelo
84%
384Clarisse La Rue
84%
193Apollo
81%
255Bianca di Angelo
81%
307Ares
81%
168Athena
81%
736Tyson
80%
280Artemis
79%
557Kronos
79%
371Sally Jackson
78%
406Zoe Nightshade
75%
265Dionysus
72%
126Silena Beauregard
70%
270Hermes
69%
83Aphrodite
68%
373Rachel Dare
65%
116Charles Beckendorf
64%
94Paul Blofis
63%
97Gabe Ugliano
63%
73Hestia
56%
118Blackjack
51%
128Ethan Nakamura
49%
132Hephaestus
48%
183Mrs. O'Leary
45%
353Daedalus
43%
151Atlas
42%
100Medusa
41%
135Pan
33%
84Minotaur
28%
96Alecto
27%
90May Castellan
20%
116Delphi
19%
96Tantalus
19%
91Frederick Chase
17%
79Kelli
16%
174Polyphemus
15%
79Briares
14%
146Ophiotaurus
12%
145Minos
11%
108Dr. Thorn
9%
83Geryon
8%

Score Distribution

Percentile by Number Answered

Percent of People with Each Score

Your Score History

You have not taken this quiz